000 00368nam a22001337a 4500
003 OSt
005 20180207205934.0
008 180207b xxu||||| |||| 00| 0 eng d
245 _aFacebook posts strong growth in mobile, ad business.
260 _aPhilippines:
_bThe Philippines Star,
_cc2017.
300 _apage B-10.
650 0 _926226
_aAdvertising.
942 _2ddc
_cPER
999 _c8475
_d8475